00450nam a22001337a 450000500170000000800410001702000140005804100130007208200140008510000520009924501080015130000320025965000250029120231101122126.0231101b |||||||| |||| 00| 0 eng d a062111989 aEnglish  a346.7 MAL aMalan, FR, Oelofse AN and Pretorius JTlEnglish aProposals for the Reform of the Bills of Exchange Act, 1964 /cFR Malan, AN Oelofse and JT Pretorius  bxxi, 833 pages ; c30,5 cm. aLegal practice bLaw